000 00284nam a22001337a 4500
003 SGT
082 _a370
_bG02R
100 _aRUHELA, S.P.
245 _aGANDHIAN IDEAS ON EDUCATION
260 _aNEW DELHI
_bINDIAN PUB
_c2002
300 _a199
650 _aEDUCATION
942 _2ddc
_cBK
999 _c12559
_d12559